SEVEN PLAYS OF THE MODERN THEATER (Record no. 568107)
[ view plain ]
| 000 -LEADER | |
|---|---|
| fixed length control field | 00276nam a22001097a 4500 |
| 082 ## - DEWEY DECIMAL CLASSIFICATION NUMBER | |
| Classification number | 808.2 SEV'W |
| 100 ## - MAIN ENTRY--PERSONAL NAME | |
| Personal name | WALL, VINCENT,MCCORMICK, JAMES PATTON |
| 9 (RLIN) | 57863 |
| 245 ## - TITLE STATEMENT | |
| Title | SEVEN PLAYS OF THE MODERN THEATER |
| 260 ## - PUBLICATION, DISTRIBUTION, ETC. | |
| Place of publication, distribution, etc. | NEWYORK |
| Name of publisher, distributor, etc. | AMERICAN |
| Date of publication, distribution, etc. | 1950 |
| 300 ## - PHYSICAL DESCRIPTION | |
| Extent | 521P |
| 942 ## - ADDED ENTRY ELEMENTS (KOHA) | |
| Koha item type | Book |
| Withdrawn status | Lost status | Damaged status | Not for loan | Permanent Location | Current Location | Shelving location | Date acquired | Total Checkouts | Full call number | Barcode | Date last seen | Price effective from | Koha item type |
|---|---|---|---|---|---|---|---|---|---|---|---|---|---|
| College of Electrical & Mechanical Engineering (CEME) | College of Electrical & Mechanical Engineering (CEME) | General Stacks | 07/14/2017 | 808.2 SEV'W | CEME-3690 | 06/28/2021 | 06/28/2021 | Book |
